| 000 -LEADER |
| fixed length control field |
00551nam a22001937a 4500 |
| 008 - FIXED-LENGTH DATA ELEMENTS--GENERAL INFORMATION |
| fixed length control field |
170712b xxu||||| |||| 00| 0 eng d |
| 020 ## - INTERNATIONAL STANDARD BOOK NUMBER |
| International Standard Book Number |
9788127246600 (pbk.) |
| 020 ## - INTERNATIONAL STANDARD BOOK NUMBER |
| International Standard Book Number |
9789327234855 |
| 082 ## - DEWEY DECIMAL CLASSIFICATION NUMBER |
| Edition number |
23 |
| Classification number |
330.156 |
| Item number |
GUP |
| 100 ## - MAIN ENTRY--PERSONAL NAME |
| Personal name |
Gupta, R. D. |
| 245 ## - TITLE STATEMENT |
| Title |
Keynes and post-keynesian economics |
| 250 ## - EDITION STATEMENT |
| Edition statement |
1st rev. ed |
| 260 ## - PUBLICATION, DISTRIBUTION, ETC. (IMPRINT) |
| Place of publication, distribution, etc. |
Ludhiana |
| Name of publisher, distributor, etc. |
Kalyani Publishers |
| Date of publication, distribution, etc. |
1997 |
| 300 ## - PHYSICAL DESCRIPTION |
| Extent |
xvi,786p.; |
| Dimensions |
24 cm |
| 500 ## - GENERAL NOTE |
| General note |
it includes index, glossary and bibliography. |
| 650 ## - SUBJECT ADDED ENTRY--TOPICAL TERM |
| Source of heading or term |
Economics |
| Topical term or geographic name as entry element |
Economics |
| 700 ## - ADDED ENTRY--PERSONAL NAME |
| Personal name |
Rana, A. S. |
| 942 ## - ADDED ENTRY ELEMENTS (KOHA) |
| Source of classification or shelving scheme |
|
| Koha item type |
Books |